• 首页
  • 本馆介绍
  • 公告通知
  • 最新文献
  • 馆藏检索
  • 电子资源
  • 读者导购
  • 参考咨询
  • 我的图书馆
  • 登录
  • 详细信息显示
  • 放入我的书架
  • 预约/预借图书
  • 作者相关作品
  • 分类相关作品
  • 丛书相关作品
  • 出版社相关作品

书目信息

  • 表格格式
  • 工作单格式
  • 卡片格式
题名:
周末读完德国史
    
 
作者: 科尔 著 ;欧阳林 , 高晓云 , 何康 译
分册:  
出版信息: 上海   上海交通大学出版社  2012.05
页数: 301页
开本: 23cm
丛书名: 周末读史丛书
单 册:
中图分类: K516.0
科图分类:
主题词: 历史
电子资源:
ISBN: 978-7-313-08219-0
000 01043oam2 2200313 450
001 0100500013018
005 20130427090457.92
010    @a978-7-313-08219-0@dCNY39.00
100    @a20120706d2012 em y0chiy0110 ea
101 1  @achi@ceng
102    @aCN@b310000
105    @aab z 000yy
106    @ar
200 1  @a周末读完德国史@9zhou mo du wan de guo shi@dA traveller's history of Germany@f罗伯特·科尔著@g欧阳林,高晓云,何康译@zeng
210    @a上海@c上海交通大学出版社@d2012.05
215    @a301页@c图,地图@d23cm
225 1  @a周末读史丛书@h第二辑
330    @a本书共分为十二章,通过精炼的语言、轻松的笔调讲述了德国国家、民族的发展史,内容丰富、图文并茂。
510 1  @aTraveller's history of Germany@zeng
606 0  @a历史
607    @a德国@x历史
607    @a德国
690    @aK516.0@v5
701  0 @c(美)@a科尔@9ke er@c(Cole, Robert)@4著
702  0 @a欧阳林@9ou yang lin@4译
702  0 @a高晓云@9gao xiao yun@4译
702  0 @a何康@9he kang@4译
801  0 @aCN@bNLC@c20120907
905    @b542363-67@dK516.0@e28@f5
    
    周末读完德国史=A traveller's history of Germany/罗伯特·科尔著/欧阳林,高晓云,何康译.-上海:上海交通大学出版社,2012.05
    301页:图,地图;23cm.-(周末读史丛书.第二辑)
    
    
    ISBN 978-7-313-08219-0:CNY39.00
    本书共分为十二章,通过精炼的语言、轻松的笔调讲述了德国国家、民族的发展史,内容丰富、图文并茂。
●
相关链接 在E读中查询图书 在五车中查询图书 在当当中查询图书 在豆瓣中查询图书


正题名:周末读完德国史     索取号:K516.0/28         预约/预借

序号 登录号 条形码 馆藏地/架位号 状态 备注
1 542363   205423638   第二样本阅览室/ [索取号:K516.0/28] 在馆    
2 542364   205423647   第二借阅区/ [索取号:K516.0/28] 在馆    
3 542365   205423656   第二借阅区/ [索取号:K516.0/28] 在馆    
4 542366   205423665   第二借阅区/ [索取号:K516.0/28] 在馆    
5 542367   205423674   史法系资料室/ [索取号:K516.0/28] 在馆    
唐山师范学院图书馆 欢迎您!
大连网信软件有限公司© 版权所有